Statistics for Longest Lasting Empires

Click here to take the quiz!

General Stats

  • This quiz has been taken 3,947 times
  • The average score is 12 of 35

Answer Stats

HintAnswer% Correct
27 BCE to 476 CERoman Empire
93%
1299 CE to 1922 CEOttoman Empire
79%
1225 CE to 1687 CEChagatai Khanate
73%
1534 CE to 1980 CEFrench Colonial Empire
71%
1402 CE to 1975 CESpanish Empire
70%
1570 BCE to 1070 BCEEgyptian Empire
69%
962 CE to 1806 CEHoly Roman Empire
68%
206 BCE to 220 CEHan Dynasty
67%
224 CE to 651 CESassanid Dynasty
63%
247 BCE to 224 CEParthian Empire
63%
330 BCE to 1453 CEByzantine Empire
55%
1415 CE to 1999 CEPortuguese Empire
52%
2000 BCE* to 1540 CEMayan Empire
42%
1568 CE to 1975 CEDutch Empire
41%
918 CE to 1392 CEGoryeo Empire
27%
37 BCE to 668 CEGoguryeo Empire
26%
650 BCE to 146 BCECarthaginian Empire
24%
1137 CE to 1974 CEEthiopian Empire
21%
150 CE to 940 CEAksumite Empire
20%
802 CE to 1431 CEKhmer Empire
20%
1350 CE to 1953 CEDanish Colonial Empire
19%
250 CE to 950 CEFrankish Empire
13%
790 CE to 1240 CEGhana Empire
9%
683 CE to 1293 CESrivijaya Empire
9%
190 BCE to 428 CEArmenian Empire
9%
350 BCE to 1279 CEChola Dynasty
8%
300 BCE to 300 CEChera Dynasty
7%
1400 CE to 1905 CEOyo Empire
7%
50 CE to 1350 CEPandyan Empire
7%
750 CE to 1174 CEPala Empire
7%
1387 CE to 1893 CEBornu Empire
6%
500 CE to 1100 CE**Wari Empire
5%
700 CE to 1387 CEKanem Empire
4%
230 BCE to 220 CESatavahana Dynasty
4%
1000 CE to 1500 CE**Micronesian Empire
4%

Score Distribution

Percentile by Number Answered

Percent of People with Each Score

Your Score History

You have not taken this quiz